Años de perro

Kaydedildi:
Detaylı Bibliyografya
Yazar: Grass, Günter (Yazar)
Materyal Türü: Kitap
Dil:İspanyolca
Baskı/Yayın Bilgisi: Ciudad de México Joaquín Mortiz 1966
Edisyon:1a. ed
Konular:
Etiketler: Etiketle
Etiket eklenmemiş, İlk siz ekleyin!

MARC

LEADER 00000cam a2200000 a 4500
001 UCF5681
003 CL-VaPUC
008 130322e19660000MX |||||||||||||||||spa|d
082 0 4 |a 833  |b GRA  |2 21 
100 |a Grass, Günter  |e author  |9 595115 
245 1 0 |a Años de perro 
250 |a 1a. ed 
300 |a 626 p 
942 |c BK 
945 |d 20130322 00:00:00  |a cmena 
260 |a Ciudad de México  |b Joaquín Mortiz  |c 1966 
650 0 |a Novelas alemanas   |9 265783 
650 0 |a Literatura alemana   |9 265457 
583 |a last modification  |c 20130322 12:27:00  |k Rodrigo Vera 
999 |c 351139  |d 351137 
952 |0 0  |1 0  |4 0  |6 833_000000000000000_GRA_1966  |7 0  |8 A  |9 455096  |a BIBEDU  |b BIBEDU  |d 2019-11-22  |i 4956982  |o 833 GRA 1966  |p 4956982  |r 2019-11-22  |w 2019-11-22  |y BK  |k LIT